| 000 | 00654cam a22002051 4500 | ||
|---|---|---|---|
| 001 | pa 33000003 | ||
| 003 | DLC | ||
| 005 | 20260227111852.0 | ||
| 008 | 060727s1932 nyu 000 0 spa | ||
| 010 | _apa 33000003 | ||
| 040 |
_aDLC _cDLC _dDLC |
||
| 043 |
_as-ck--- _as-pe--- |
||
| 050 | 0 | 0 |
_aF2281.B7 _bP47712 1932 |
| 100 | 1 |
_aLópez, Jacinto, _d1864- |
|
| 245 | 1 | 4 |
_aLos tratados de límites y la paz internacional americana, _bel tratado secreto de 1922 entre Colombia y el Perú _c[por] Jacinto López. |
| 260 |
_a[Nueva York, _c1932] |
||
| 300 |
_a42 p. _c23 cm. |
||
| 651 | 0 |
_aColombia _xBoundaries _zPeru. |
|
| 651 | 0 |
_aPeru _xBoundaries _zColombia. |
|
| 999 |
_c51232 _d51232 |
||